000 00610cab a2200229 4500
001 X1846
008 090401t1995 xxu||||| |||| 00| 0 eng d
035 _a(Sirsi) u19880
041 _aeng
100 _aRobertson, D.
245 _aTender prices and building costs rebound
260 _c1995
350 _a0
490 _aCSM (Chartered Surveyor Monthly)
_v4(3) January 1995, 43(1)
650 _aBCIS
650 _aBUILT ENVIRONMENT-BUILDING COSTS
650 _aINDICES AND FORECASTS
650 _aTENDER PRICES
690 _aBUILT ENVIRONMENT-BUILDING COSTS
942 _n0
948 _c04/03/1997
999 _c13321
_d13321